Практическое руководство по микрофауне СССР. Т. 5: Фораминиферы мезозоя (Запись № 5449217)

Подробности
000 -МАРКЕР
контрольное поле 01525nam2a22002771 4500
001 - ИДЕНТИФИКАТОР ЗАПИСИ
контрольное поле rc\524661
005 - ИДЕНТИФИКАТОР ВЕРСИИ
контрольное поле 20250621165834.0
010 ## - МЕЖДУНАРОДНЫЙ СТАНДАРТНЫЙ НОМЕР КНИГИ (ISBN)
Номер (ISBN) 5-247-02113-4
Тираж 600
035 ## - ДРУГИЕ СИСТЕМНЫЕ НОМЕРА
Идентификатор записи (NLR Aleph) 005817914
100 ## - ДАННЫЕ ОБЩЕЙ ОБРАБОТКИ
Данные общей обработки 20030616d1991 |||y0rusy50 ca
101 0# - ЯЗЫК РЕСУРСА
Язык текста, звукозаписи и т.д. русский
102 ## - СТРАНА ПУБЛИКАЦИИ ИЛИ ПРОИЗВОДСТВА
Страна публикации российская федерация
105 ## - ПОЛЕ КОДИРОВАННЫХ ДАННЫХ: ТЕКСТОВЫЕ МАТЕРИАЛЫ, МОНОГРАФИЧЕСКИЕ
Кодированные данные о монографическом текстовом документе a |||||||||
200 1# - ЗАГЛАВИЕ И СВЕДЕНИЯ ОБ ОТВЕТСТВЕННОСТИ
Основное заглавие Фораминиферы мезозоя
Первые сведения об ответственности Всесоюз. нефт. н.-и. геол.-развед. ин-т
Последующие сведения об ответственности [А.Я. Азбель и др.]
210 ## - ПУБЛИКАЦИЯ, РАСПРОСТРАНЕНИЕ И ДР.
Дата издания, распространения и т.д. 1991
Место издания, распространения и т.д. Б. м.
215 ## - ФИЗИЧЕСКАЯ ХАРАКТЕРИСТИКА
Специфическое обозначение материала и объем 373, [2] с.
Другие сведения о физической характеристике ил., карт.
300 ## - ОБЩИЕ ПРИМЕЧАНИЯ
Текст примечания В надзаг. также: АН СССР, Гос. ком. по нар. образованию
320 ## - ПРИМЕЧАНИЯ О НАЛИЧИИ В ДОКУМЕНТЕ БИБЛИОГРАФИИ / УКАЗАТЕЛЯ
Текст примечания Библиогр. в конце разделов
461 #0 - УРОВЕНЬ НАБОРА
Встроенное поле 001rc\524657
-- 2001#$aПрактическое руководство по микрофауне СССР$eСправ. для палеонтологов и геологов$eВ 9 ч.$fВсесоюз. н.-и. геол. ин-т им. А.П. Карпинского$gГл. ред. Б.С. Соколов$vТ. 5
Системный номер (АБИС) связанной записи 5449182
Место публикации Л.
Дата публикации 1987-
Первые сведения об ответственности Всесоюз. н.-и. геол. ин-т им. А.П. Карпинского
Имя издателя, распространителя и т.д. Недра. Ленингр. отд-ние
Сведения, относящиеся к заглавию Справ. для палеонтологов и геологов : В 9 ч.
Заглавие Практическое руководство по микрофауне СССР
Номер тома Т. 5
702 #1 - ИМЯ ЛИЦА - ВТОРИЧНАЯ ОТВЕТСТВЕННОСТЬ
Начальный элемент ввода Азбель
Часть имени, кроме начального элемента ввода А.Я.
Код отношения Составитель
801 #0 - ИСТОЧНИК ЗАПИСИ
Страна российская федерация
Организация NLR
Правила каталогизации psbo
801 #1 - ИСТОЧНИК ЗАПИСИ
Страна российская федерация
Организация ELAR
Источник данных rusmarc
852 ## - МЕСТОНАХОЖДЕНИЕ И ШИФР ХРАНЕНИЯ
Идентификатор организации NLR
Шифр хранения (Call Number) 87-7/361
942 ## - ДОПОЛНИТЕЛЬНЫЕ ЭЛЕМЕНТЫ ЗАПИСИ (АБИС)
Тип экземпляра АБИС Книга
980 ## - КОЛЛЕКЦИЯ
Название коллекции Национальная библиография
Экземпляры
Тип экземпляра Дата поступления Библиотека постоянного хранения Библиотека текущего хранения Место хранения Шифр хранения Штрих-код Статус не для выдачи
Книга 26.10.2013 РНБ (Московский) РНБ (Московский) Русский книжный фонд: издания с 1957 года, 9этаж 87-7/361 5817914-10